| 000 | 00425nam a2200145Ia 4500 | ||
|---|---|---|---|
| 008 | 220216s9999 xx 000 0 und d | ||
| 100 | _aGnanaharan R. | ||
| 245 | 0 | _aRubber wood processing and utilization in India | |
| 260 |
_bGanesh Publications, Bangalore, India, 125 p. _c2002 |
||
| 650 | _aRubber wood processing | ||
| 650 | _aRubber wood utilization | ||
| 700 | _aDamodaran K. | ||
| 700 | _aGeorge K.T. | ||
| 942 | _cBS | ||
| 999 |
_c52456 _d52456 |
||